Normal view
MARC view
Entry Topical Term
001 - CONTROL NUMBER
- control field: 205044
003 - CONTROL NUMBER IDENTIFIER
- control field: OSt
005 - DATE AND TIME OF LATEST TRANSACTION
- control field: 20250308094626.0
008 - FIXED-LENGTH DATA ELEMENTS
- fixed length control field: 250308|| aca||aabn | a|a d
040 ## - CATALOGING SOURCE
- Original cataloging agency: OSt
- Transcribing agency: OSt
150 ## - HEADING--TOPICAL TERM
- Topical term or geographic name entry element: Em Em Kalaburgi Abhinandana Kalaburgi M M Samshodhana Vidhana Kannada Ph D
670 ## - SOURCE DATA FOUND
- Source citation: Work cat.: (OSt)115069: SADANANDA KANAVALLI ಸದಾನಂದ ಕನವಳ್ಳಿ 205043, Mahamarga., 1998